Wielki Test o Diablo II:LoD - #1 - Statystyki

Ogólne statystyki
  • Ten quiz został rozwiązany 165 razy
  • Średni wynik to 7 z 11
Statystyki odpowiedzi
Pytanie Odpowiedź % Poprawnych
Główny boss - AKT IV Diablo
95%
Główny boss - AKT V Baal
93%
Główny boss - AKT III Mefisto
91%
Główny boss - AKT I Andariel
88%
Główny boss - AKT II Duriel
87%
Unikalny boss występujący w Tajemnym Sanktuarium - AKT II Demonolog
55%
Unikalny boss występujący na Równinie Rozpaczy - AKT IV Izual
55%
Unikalny boss występujący na Kamiennych Polach - AKT I Rakanishu
41%
Unikalny boss występujący na Rzece Płomieni - AKT IV Hefajsto
33%
Unikalny bos występujący w Salach Nieszczęścia - AKT V Nihlathak
32%
Pełna nazwa unikalnych bossów występujących w Travincal - AKT III Rada Zakarum
19%
Nie znaleziono quizów pasujących do podanych kryteriów
Rozkład punktacji
Procent ludzi z każdym wynikiem
Percentyl według liczby udzielonych odpowiedzi
Twoja historia wyników
Nie rozwiązałeś tego quizu